000 00338nam a22001457a 4500
003 OSt
005 20211224085613.0
008 211224b |||||||| |||| 00| 0 eng d
020 _a0805377360
040 _cHU
082 _a004.6STA/1997
100 _aStamper
_924818
245 _aEssentials O Data Communication
942 _2ddc
_cBOOKS
_n0
999 _c23865
_d23865